[Event "C.to Provinciale Torino"]
[Site "Torino ITA"]
[Date "2015.03.12"]
[Round "7"]
[White "Faraoni, Enrico"]
[Black "Malano, Francesco"]
[WhiteElo "2093"]
[BlackElo "1901"]
[Result "1/2-1/2"]
[PlyCount "22"]
[EventDate "2015.01.29"]

1. c4 Nf6 2. g3 g6 3. Bg2 Bg7 4. Nf3 O-O 5. O-O c6 6. d4 d5 7. Nc3 dxc4 8. e4
b5 9. Qc2 Bb7 10. a4 a6 11. axb5 cxb5 1/2-1/2

[Event "C.to Provinciale Torino"]
[Site "Torino ITA"]
[Date "2015.03.12"]
[Round "7"]
[White "Gussone, Claudio"]
[Black "Castelli, Giovanni J."]
[WhiteElo "1753"]
[BlackElo "1950"]
[Result "0-1"]
[PlyCount "38"]
[EventDate "2015.01.29"]

1. Nf3 d5 2. g3 Nf6 3. Bg2 c5 4. d4 Nc6 5. O-O cxd4 6. Nxd4 e5 7. Nb3 Be7 8. e3
h5 9. Nc3 Bg4 10. Qd2 e4 11. Nd4 Qd7 12. Re1 Ne5 13. f4 exf3 14. Bh1 Ne4 15.
Nxe4 dxe4 16. Kf2 Bh3 17. Bxf3 exf3 18. Nxf3 Qf5 19. Qd5 Ng4+ 0-1

[Event "C.to Provinciale Torino"]
[Site "Torino ITA"]
[Date "2015.03.12"]
[Round "7"]
[White "Leoni, Alessandro"]
[Black "Ragni, Paolo"]
[WhiteElo "1908"]
[BlackElo "2134"]
[Result "1/2-1/2"]
[PlyCount "52"]
[EventDate "2015.01.29"]

1. e4 c5 2. Nf3 Nc6 3. d4 cxd4 4. Nxd4 g6 5. Nc3 Nf6 6. Be3 Bg7 7. Be2 O-O 8.
O-O d5 9. exd5 Nxd5 10. Nxd5 Qxd5 11. Bf3 Qd7 12. Nxc6 bxc6 13. Qxd7 Bxd7 14.
Rad1 Bf5 15. Bxc6 Rac8 16. Bd7 Rxc2 17. Bxf5 gxf5 18. Rd7 e6 19. Rxa7 Bxb2 20.
a4 Rfc8 21. a5 e5 22. g3 Bc1 23. a6 Kg7 24. Rb7 Bxe3 25. fxe3 Ra2 26. a7 Rcc2
1/2-1/2

[Event "C.to Provinciale Torino"]
[Site "Torino ITA"]
[Date "2015.03.12"]
[Round "7"]
[White "Parisi, Gianmario"]
[Black "Longo, Enrico"]
[WhiteElo "1843"]
[BlackElo "1777"]
[Result "1-0"]
[PlyCount "111"]
[EventDate "2015.01.29"]

1. e4 d5 2. Nc3 d4 3. Nce2 Nc6 4. d3 e6 5. g3 Bb4+ 6. Bd2 Nge7 7. Bg2 O-O 8.
Nf3 Bxd2+ 9. Qxd2 Ng6 10. O-O e5 11. Ng5 f6 12. Nh3 f5 13. exf5 Bxf5 14. Rae1
h6 15. f4 Qd7 16. Nf2 exf4 17. Nxf4 Nxf4 18. gxf4 Rf7 19. Ne4 Raf8 20. Nc5 Qc8
21. Bd5 Bh3 22. Rf3 Nd8 23. Bxf7+ Nxf7 24. Qf2 b6 25. Ne4 c5 26. Qh4 Bf5 27.
Rg3 Bxe4 28. dxe4 Kh7 29. Qg4 Qxg4 30. Rxg4 Nd6 31. b3 c4 32. f5 cxb3 33. axb3
Nb5 34. Rd1 Nc3 35. Rd3 Re8 36. h4 Nxe4 37. Rxd4 Nf6 38. Rg2 Re7 39. Kf1 Re5
40. Rf2 Ne4 41. Rf3 Nf6 42. Rc4 Ne4 43. Rd3 Rxf5+ 44. Kg1 Nc5 45. Rdd4 Rf7 46.
b4 Ne6 47. Re4 Nc7 48. Rc6 Nb5 49. Rce6 Nc3 50. Re7 Rxe7 51. Rxe7 Nd5 52. Rxa7
Nxb4 53. c3 Nd5 54. Ra3 Kg6 55. Rb3 Kh5 56. Rb5 1-0

[Event "C.to Provinciale Torino"]
[Site "Torino ITA"]
[Date "2015.03.12"]
[Round "7"]
[White "Peruffo, Giovanni"]
[Black "De Renzi, Giuseppe"]
[WhiteElo "1520"]
[BlackElo "1571"]
[Result "0-1"]
[PlyCount "84"]
[EventDate "2015.01.29"]

1. b3 e5 2. Bb2 d5 3. e3 Nc6 4. Bb5 Bd6 5. Nf3 Bg4 6. h3 Bxf3 7. Qxf3 Nf6 8.
Nc3 a6 9. Bxc6+ bxc6 10. O-O O-O 11. d3 Qe7 12. a4 Rab8 13. Qe2 c5 14. Nd1 d4
15. Ba3 Nd5 16. Nb2 Nc3 17. Qd2 f5 18. Nc4 Qg5 19. Bb2 Nd5 20. Qe2 f4 21. Qf3
Nb4 22. Rac1 fxe3 23. Qe2 exf2+ 24. Rxf2 Rxf2 25. Qxf2 Rf8 26. Qe2 Nd5 27. Re1
Nf4 28. Qg4 Qf6 29. Bc1 Nxh3+ 30. Kh2 Nf4 31. Nd2 h5 32. Qg3 h4 33. Qg4 Qh6 34.
Ne4 Qh7 35. Ng5 Qh5 36. Qxh5 Nxh5 37. Kh3 Rf2 38. Kxh4 Nf4 39. Bxf4 Rxf4+ 40.
g4 Rf2 41. Rc1 Rh2+ 42. Kg3 e4# 0-1

[Event "C.to Provinciale Torino"]
[Site "Torino ITA"]
[Date "2015.03.12"]
[Round "7"]
[White "Plenzick, Angelo"]
[Black "Fassio, Francesco"]
[WhiteElo "1725"]
[BlackElo "1690"]
[Result "0-1"]
[PlyCount "100"]
[EventDate "2015.01.29"]

1. f4 d5 2. Nf3 g6 3. e3 Bg7 4. d4 Nf6 5. Bd3 O-O 6. O-O Nbd7 7. Bd2 c5 8. c3
c4 9. Bc2 b5 10. a3 a5 11. Be1 Nb6 12. Nbd2 Bb7 13. Ne5 Qd6 14. Bg3 b4 15. axb4
axb4 16. Qf3 b3 17. Rxa8 Rxa8 18. Bb1 Nh5 19. Nexc4 Nxc4 20. Nxc4 Qa6 21. Ne5
Nxg3 22. hxg3 Qb5 23. Bd3 Qe8 24. Bb1 Ba6 25. Rf2 f6 26. Nd3 Bc4 27. Nb4 Ra1
28. Qd1 Qb5 29. Kh2 e6 30. g4 Bf8 31. f5 exf5 32. gxf5 g5 33. Nd3 Rxb1 34. Qxb1
Bxd3 35. Qd1 Bc2 36. Qa1 Qe8 37. Rf3 g4 38. Rf1 Qxe3 39. Qa8 Be4 40. Qb8 Qe2
41. Rg1 Qxb2 42. Qg3 Bxf5 43. Rf1 Qc2 44. Rf2 Qe4 45. Rb2 Qe6 46. Kg1 Bc2 47.
Qf2 f5 48. Qf4 Qh6 49. Qe5 Qd6 50. Qxf5 Bxf5 0-1

[Event "C.to Provinciale Torino"]
[Site "Torino ITA"]
[Date "2015.03.12"]
[Round "7"]
[White "Teofilatto, Stefano"]
[Black "Liviabella, Lucio"]
[WhiteElo "1669"]
[BlackElo "1609"]
[Result "1-0"]
[PlyCount "73"]
[EventDate "2015.01.29"]

1. d4 Nf6 2. Nf3 g6 3. Bf4 Bg7 4. e3 d6 5. h3 O-O 6. Be2 Bd7 7. O-O Nh5 8. Bh2
Qc8 9. c4 Nc6 10. Nc3 a6 11. Rc1 Nd8 12. Ng5 Nf6 13. Nd5 h6 14. Nxe7+ Kh8 15.
Nxc8 Rxc8 16. Nf3 Ne6 17. b4 Rg8 18. c5 d5 19. Ne5 Be8 20. c6 bxc6 21. Nxc6 Bf8
22. a4 Ra8 23. b5 axb5 24. Bxb5 Ne4 25. Ne5 Bd6 26. Bxe8 Rgxe8 27. Nxf7+ Kg7
28. Nxd6 cxd6 29. f3 N4g5 30. Bxd6 Nf7 31. Be5+ Kh7 32. f4 g5 33. Qc2+ Kg8 34.
Qg6+ Kf8 35. fxg5 Ra7 36. Bd6+ Rae7 37. Qxf7# 1-0